| 000 | 00400cam a2200169ua 4500 | ||
|---|---|---|---|
| 020 | _c30.00 | ||
| 041 |
_aeng _h |
||
| 082 |
_a828.09 _bHEN/HA |
||
| 100 | _aHenn, T R . | ||
| 245 |
_aHarvest of tragedy / _cT R Henn. _hTextual Documents |
||
| 260 |
_aLondon : _bMethuen and Co. Ltd , _c1966. |
||
| 300 | _a304 ; . | ||
| 365 | _a30.00 | ||
| 504 | _a | ||
| 942 | _cBK | ||
| 999 |
_c12549 _d12549 |
||